LEADER 01265nas 2200421 c 450 001 9910891762803321 005 20260218111252.0 035 $a(DE-599)ZDB3105110-8 035 $a(OCoLC)1291347764 035 $a(DE-101)1248809955 035 $a(CKB)4910000000548036 035 $a(DE-599)3105110-8 035 $a(EXLCZ)994910000000548036 100 $a20220105a20099999 |y | 101 0 $arus 135 $aur||||||||||| 181 $ctxt$2rdacontent 182 $cc$2rdamedia 183 $acr$2rdacarrier 200 00$a Vestnik NII gumanitarnych nauk pri Pravitel?stve Respubliki Mordovija$enauc?nyj z?urnal 210 31$aSaransk$cNII gumanitarnych nauk pri Pravitel?stve Respubliki Mordovija$d[2009?]- 215 $aOnline-Ressource 300 $aGesehen am 01.06.2023 311 08$a2077-3579 608 $aZeitschrift$2gnd-content 676 $a940 676 $a320 676 $a330 676 $a890 686 $aOST$qDE-12$2fid 712 02$aNauc?no-Issledovatel?skij Institut Gumanitarnych Nauk$4isb 801 0$b0012 801 1$bDE-101 801 2$b9999 906 $aJOURNAL 912 $a9910891762803321 996 $aVestnik NII Gumanitarnych Nauk pri Pravitelstve Respubliki Mordovija$94263422 997 $aUNINA